000 00560nam a2200229 a 4500
001 nice12345678
003 IN_TiNIC
005 20260116012956.0
008 050524s0000 newa grp 000 0 urd
020 _a
_c100
082 0 0 _a241.53
_bBIB
245 _aPahadi Waaz
260 _aNew Delhi
_bBible Society of India
_c0000
300 _a6p
500 _aincludes index and biblioraphy
505 2 _aRef, Bibliography, Err.
650 _aSermon on the Mount
710 2 _aBible Society of India
902 _bSRS
942 _cBK
999 _c9130
_d9130